| 000 | 01214cam a22003497a 4500 | ||
|---|---|---|---|
| 003 | CHAP | ||
| 005 | 20220817041029.0 | ||
| 008 | 971013s r 00010 d | ||
| 010 | _a4962 | ||
| 011 | _a5934 | ||
| 035 | _a5150 | ||
| 040 | _cCHAP | ||
| 090 | _aR-3401 | ||
| 100 | 0 | 0 |
_aBadiane, Ousmane. _99354 |
| 245 | 0 | _aRegional agricultural markets and development strategies in West Africa | |
| 500 | _aSobretiro de: Quarterly Journal of International Agriculture 30 (1) : 37-50, 1991 | ||
| 590 |
_aBATCH-UPD _b10 _c20130110 _lUCH01 _h0927 |
||
| 590 |
_aBATCH-UPD _b10 _c20130410 _lUCH01 _h0547 |
||
| 590 |
_aBATCH-UPD _b10 _c20130913 _lUCH01 _h1951 |
||
| 590 |
_aBATCH-UPD _b10 _c20130914 _lUCH01 _h1636 |
||
| 590 |
_aCONVERSION _b10 _c20130109 _lUCH01 _h1304 |
||
| 650 | 1 | 4 |
_aAfrica _xCondiciones económicas. _91035 |
| 650 | 1 | 4 |
_aAfrica _xIntegración económica. _91039 |
| 650 | 1 | 4 |
_aAgricultura _xAfrica _zAfrica. _9175391 |
| 650 | 1 | 4 |
_aAgricultura _xAspectos económicos. |
| 650 | 1 | 4 |
_aIndustrialización. _957923 |
| 650 | 1 | 4 |
_aPolítica agrícola _xAfrica. _990284 |
| 710 | _aInternational Food Policy Research Institute | ||
| 901 | _aBK | ||
| 942 | _cREIMP | ||
| 949 |
_aR-3401 _bBC _cR _d-14717 _eTS1 _i5150 _si |
||
| 999 |
_c4962 _d4962 |
||